Selected Papers from the 11th Asian Rock Mechanics Symposium (ARMS 11) (Record no. 33921)

MARC details
000 -LEADER
fixed length control field 01015nam a2200133Ia 4500
008 - FIXED-LENGTH DATA ELEMENTS--GENERAL INFORMATION
fixed length control field 220620s9999||||xx |||||||||||||| ||und||
020 ## - INTERNATIONAL STANDARD BOOK NUMBER
International Standard Book Number 9783040000000
245 #0 - TITLE STATEMENT
Title Selected Papers from the 11th Asian Rock Mechanics Symposium (ARMS 11)
546 ## - LANGUAGE NOTE
Language note English[eng]
650 ## - SUBJECT ADDED ENTRY--TOPICAL TERM
Topical term or geographic name entry element kaolin||cemented coal gangue-fly ash backfill sample||mechanical properties||macroscopic failure||microstructure||non-pillar coal mining||crushed rocks||compression test||deformation characteristics||lateral stress||tunnel through fault||concrete lining structure||fault dislocation||seismic deterioration effect||dynamic contact force||seismic damage analysis||directions of incident waves||slope topography||amplification effects||ground motions||equivalent nodal forces||tight sandstone gas reservoirs||rock-physics template||Biot–Rayleigh theory||total porosity||microcrack porosity||n/a
700 ## - ADDED ENTRY--PERSONAL NAME
Personal name Zhu, Chun||Tao, Zhigang||Yang, Xiaojie||Sun, Jianping
856 ## - ELECTRONIC LOCATION AND ACCESS
Uniform Resource Identifier <a href="https://mdpi.com/books/pdfview/book/5054">https://mdpi.com/books/pdfview/book/5054</a>
942 ## - ADDED ENTRY ELEMENTS (KOHA)
Koha item type E-Books
Holdings
Withdrawn status Lost status Damaged status Not for loan Home library Current library Date acquired Total Checkouts Date last seen Price effective from Koha item type
        Kerala University of Digital Sciences, Innovation and Technology Knowledge Centre Kerala University of Digital Sciences, Innovation and Technology Knowledge Centre 20/06/2022   20/06/2022 20/06/2022 E-Books